000 00809nam a2200265Ia 4500
001 21749
005 20260320113309.0
008 260320s9999||||xx |||||||||||||| ||und||
020 _a9786124396359
041 _aESP
082 _a624.151
_bA47
100 _aAlva Hurtado, Jorge E.,
_eAUT
245 0 _aDinámica de suelos
_b
246 _a
_5
_b
250 _aPrimera edición
260 _aLima :
_bUniversidad Nacional de Ingeniería,
_c2020
300 _a226 páginas :
_btablas, gráficos ;
_c30 cm.
_e
440 _a
_n
_v
650 _aTCA
653 _aGeotecnia; Resistencia de suelos; Dinámica de suelos
654 _aCIC
700 _a
_c
856 _uhttps://ebooks-editorialmacro-com.ucsp.lookproxy.com/library
_zVéase además: Base de datos Macro Digital
942 _cLIB
_dJUS
_fMAT
_2ddc
_n
999 _c21749
_d21749